| 000 | 00336nam a22001217a 4500 | ||
|---|---|---|---|
| 008 | 180421b xxu||||| |||| 00| 0 eng d | ||
| 041 | _aeng | ||
| 080 | _a043.3 | ||
| 100 | _a0 | ||
| 101 | _aSHKI-BA | ||
| 245 |
_aAutentifikimi ne Software As a Service duke Implementuar Parametra te Dyfishte te Sigurise _cGervalla, M |
||
| 942 |
_2udc _cBK |
||
| 999 |
_c45361 _d45361 |
||